Songs from the First Line(s) - 1957 - Statistics

General Stats
  • This quiz has been taken 58 times
  • The average score is 14 of 30
Answer Stats
Hint Answer % Correct
Songs The warden threw a party in the county jail. / The prison band was there and they began to wail. / The band was jumpin' and the joint began to swing. Artist(s) Elvis Presley
98%
Songs Oh, baby, let me be your loving teddy bear / Put a chain around my neck / And lead me anywhere / Oh, let me be (Oh, let him be) Artist(s) Elvis Presley
98%
Songs A well I bless my soul / What's wrong with me? / I'm itching like a man on a fuzzy tree / My friends say I'm actin' wild as a bug Artist(s) Elvis Presley
98%
Songs The warden threw a party in the county jail. / The prison band was there and they began to wail. / The band was jumpin' and the joint began to swing. Song Jailhouse Rock
96%
Songs If you knew Peggy Sue / Then you'd know why I feel blue / Without Peggy, my Peggy Sue / Oh well, I love you, gal Song Peggy Sue
94%
Songs Well, that'll be the day, when you say goodbye (Ah-ah) / Yes, that'll be the day, when you make me cry (Ah-ah) Song That'll Be the Day
69%
Songs Well, that'll be the day, when you say goodbye (Ah-ah) / Yes, that'll be the day, when you make me cry (Ah-ah) Artist(s) The Crickets
69%
Songs If you knew Peggy Sue / Then you'd know why I feel blue / Without Peggy, my Peggy Sue / Oh well, I love you, gal Artist(s) Buddy Holly
67%
Songs Oh, baby, let me be your loving teddy bear / Put a chain around my neck / And lead me anywhere / Oh, let me be (Oh, let him be) Song Teddy Bear
67%
Songs Darling you send me / I know you send me / Darling you send me / Honest you do, honest you do / Honest you do, whoa Song You Send Me
55%
Songs A well I bless my soul / What's wrong with me? / I'm itching like a man on a fuzzy tree / My friends say I'm actin' wild as a bug Song All Shook Up
53%
Songs Catch a falling star and put it in your pocket / Never let it fade away / Catch a falling star and put it in your pocket Song Catch A Falling Star
53%
Songs I hear the cottonwoods whisperin' above / "Tammy, Tammy, Tammy's in love" / The old hooty-owl hooty-hoos to the dove Song Tammy
53%
Songs Darling you send me / I know you send me / Darling you send me / Honest you do, honest you do / Honest you do, whoa Artist(s) Sam Cooke
45%
Songs Well, all I want is a party doll / To come along with me when I'm feeling wild / To be everloving, true and fair Song Party Doll
43%
Songs I'm so young and you're so old / This, my darling, I've been told / I don't care just what they say / 'Cause forever I will pray Artist(s) Paul Anka
39%
Songs I'm so young and you're so old / This, my darling, I've been told / I don't care just what they say / 'Cause forever I will pray Song Diana
37%
Songs Catch a falling star and put it in your pocket / Never let it fade away / Catch a falling star and put it in your pocket Artist(s) Perry Como
37%
Songs I'm walkin', yes indeed and I'm talkin' / About you and me, I'm hopin' / That you'll come back to me, yeah-yeah Artist(s) Fats Domino
35%
Songs I'm walkin', yes indeed and I'm talkin' / About you and me, I'm hopin' / That you'll come back to me, yeah-yeah Song I'm Walkin'
35%
Songs Ah ya ya ya ya / Hey, little darlin' / Oh, little darlin' / Oh ho where are you / My lover, I was wrong-ah / To try to love two Song Little Darlin'
35%
Songs On a day like today / We passed the time away / Writing love letters in the sand / How you laughed when I cried Song Love Letters In The Sand
35%
Songs I hear the cottonwoods whisperin' above / "Tammy, Tammy, Tammy's in love" / The old hooty-owl hooty-hoos to the dove Artist(s) Debbie Reynolds
31%
Songs On a day like today / We passed the time away / Writing love letters in the sand / How you laughed when I cried Artist(s) Pat Boone
27%
Songs (Yip yip way bop de boom ditty boom ditty) / Promise me your lips are mine / (Yip yip way bop de boom ditty boom ditty) Artist(s) Johnnie Ray
22%
Songs Well, all I want is a party doll / To come along with me when I'm feeling wild / To be everloving, true and fair Artist(s) Buddy Knox
14%
Songs Ah ya ya ya ya / Hey, little darlin' / Oh, little darlin' / Oh ho where are you / My lover, I was wrong-ah / To try to love two Artist(s) The Diamonds
10%
Songs (You are perfection, you're my idea) / (Of angels singin' the "Ave Maria") / (For you're an angel, I'd breathe and live you) Song So Rare
6%
Songs (You are perfection, you're my idea) / (Of angels singin' the "Ave Maria") / (For you're an angel, I'd breathe and live you) Artist(s) Jimmy Dorsey
4%
Songs (Yip yip way bop de boom ditty boom ditty) / Promise me your lips are mine / (Yip yip way bop de boom ditty boom ditty) Song Yes Tonight Josephine
4%
No matching quizzes found
Score Distribution
Percent of People with Each Score
Percentile by Number Answered
Your Score History
You have not taken this quiz